000 00645nam a2200181 i 4500
001 104070
003 ES-MaACL
007 t|
008 051122q1974 sp ||||1| spa d
245 0 0 _aMetodología y didáctica de la lengua y literatura españolas...
260 _aCheste (Valencia) :
_bCentro de Orientación de Universidades Laborales,
_c[1974?]
300 _aIII, 182 f. ;
_c31 cm.
490 1 _aDocumenta. Curso 1973-74 ;
_vXI
710 2 _aCentro de Orientación de Universidades Laborales (Valencia)
_92715
830 0 _aDocumenta. Curso 1973-74 ;
_vXI
_9232623
852 _aES-MaACL
_jE-5738
_bR.89779
999 _c104070
_d104070